[Event "Satka Summer op"]
[Site "Satka"]
[Date "2013.07.02"]
[Round "1"]
[White "Akhunova, Narkas"]
[Black "Sofyin, Pavel"]
[Result "0-1"]
[WhiteElo "1749"]
[BlackElo "2026"]
[PlyCount "57"]
[EventDate "2013.07.02"]
[EventType "swiss"]
[EventRounds "9"]
[EventCountry "RUS"]
[SourceTitle "EXT 2014"]
[Source "ChessBase"]
[SourceDate "2013.11.20"]
[SourceVersion "1"]
[SourceVersionDate "2013.11.20"]
[SourceQuality "1"]

1. d4 Nf6 2. c4 c5 3. Nf3 g6 4. e3 Bg7 5. Be2 0-0 6. 0-0 cxd4 7. exd4 d5 8. c5 b6 9. h3 Ne4 10. Be3 bxc5 11. dxc5 Bxb2 12. Nbd2 Nc3 13. Qb3 Nxe2+ 14. Kh1 Bxa1 15. Rxa1 d4 16. Bh6 Nc3 17. Re1 Qd5 18. Re5 Qxb3 19. axb3 Nc6 20. Rg5 f6 21. Rg3 Ne2 22. Bxf8 Nxg3+ 23. fxg3 Kxf8 24. g4 e5 25. Ne4 Ke7 26. Ne1 Be6 27. Nd2 Bd5 28. Nd3 g5 29. Nf3 0-1

[Event "Cheliabinsk Kibizov Memorial 8th"]
[Site "Cheliabinsk"]
[Date "2013.06.30"]
[Round "9"]
[White "Sofyin, Pavel"]
[Black "Khafizova, Yana"]
[Result "0-1"]
[WhiteElo "2026"]
[BlackElo "1938"]
[PlyCount "64"]
[EventDate "2013.06.22"]
[EventType "swiss"]
[EventRounds "9"]
[EventCountry "RUS"]
[SourceTitle "EXT 2014"]
[Source "ChessBase"]
[SourceDate "2013.11.20"]
[SourceVersion "1"]
[SourceVersionDate "2013.11.20"]
[SourceQuality "1"]

1. e4 e5 2. Nf3 Nc6 3. Bb5 a6 4. Bxc6 dxc6 5. 0-0 Bg4 6. d3 Qf6 7. Nbd2 Ne7 8. c3 c5 9. Qb3 0-0-0 10. h3 Be6 11. Qc2 Nc6 12. b3 g5 13. Bb2 h5 14. d4 cxd4 15. cxd4 exd4 16. e5 Nxe5 17. Nxe5 Qxe5 18. Nf3 Qf4 19. Bc1 Qd6 20. Bxg5 d3 21. Qd2 Rd7 22. Rac1 Qd5 23. Rfe1 Bd6 24. Re3 Rg8 25. Rxd3 Qxd3 26. Qxd3 Bh2+ 27. Kxh2 Rxd3 28. Bf4 c6 29. Ne5 Rd4 30. Be3 Re4 31. Nd3 Bd5 32. Nf4 Rxf4 0-1

[Event "Satka Metallurg op"]
[Site "Satka"]
[Date "2012.07.02"]
[Round "1"]
[White "Looshnikov, Nikolai"]
[Black "Sofyin, Pavel"]
[Result "1-0"]
[WhiteElo "2484"]
[BlackElo "2058"]
[PlyCount "41"]
[EventDate "2012.07.02"]
[EventType "swiss"]
[EventRounds "9"]
[EventCountry "RUS"]
[SourceTitle "EXT 2013"]
[Source "ChessBase"]
[SourceDate "2012.11.22"]
[SourceVersion "1"]
[SourceVersionDate "2012.11.22"]
[SourceQuality "1"]

1. c4 e5 2. g3 Nc6 3. Bg2 f5 4. a3 a5 5. Nc3 Nf6 6. Nf3 Bc5 7. 0-0 d6 8. e3 e4 9. Ne1 Be6 10. d3 exd3 11. b3 d2 12. Qxd2 a4 13. Nxa4 Rxa4 14. bxa4 Ne4 15. Qc2 Ne5 16. Nd3 Bxc4 17. Nxe5 Bxf1 18. Bxf1 Qf6 19. Nf3 Qxa1 20. Bb2 Qa2 21. Bc4 1-0

[Event "Cheliabinsk EKRO Cup 11th"]
[Site "Cheliabinsk"]
[Date "2012.05.09"]
[Round "8"]
[White "Gryaznev, Alexander"]
[Black "Sofyin, Pavel"]
[Result "1/2-1/2"]
[WhiteElo "1920"]
[BlackElo "2037"]
[PlyCount "87"]
[EventDate "2012.05.02"]
[EventType "swiss"]
[EventRounds "9"]
[EventCountry "RUS"]
[SourceTitle "CBM 148 Extra"]
[Source "ChessBase"]
[SourceDate "2012.06.22"]
[SourceVersion "1"]
[SourceVersionDate "2012.06.22"]
[SourceQuality "1"]

1. e4 e6 2. Qe2 Be7 3. Nf3 d5 4. exd5 exd5 5. d4 h6 6. Nc3 Nf6 7. g3 b6 8. Bg2 Ba6 9. Qd1 0-0 10. Bf1 Bb7 11. Bg2 Ne4 12. 0-0 Nd7 13. Be3 Ndf6 14. Nxe4 Nxe4 15. Re1 Bd6 16. Nd2 f5 17. Nxe4 dxe4 18. f4 c5 19. dxc5 Bxc5 20. Bxc5 bxc5 21. Qxd8 Raxd8 22. Red1 Rfe8 23. Bf1 Bc6 24. h4 Kh7 25. Be2 g5 26. hxg5 hxg5 27. Rxd8 Rxd8 28. fxg5 Kg6 29. Kf2 Kxg5 30. Rd1 Rxd1 31. Bxd1 f4 32. gxf4+ Kxf4 33. Be2 e3+ 34. Ke1 Be4 35. c3 Bc2 36. Ba6 Be4 37. a3 Bc2 38. b4 cxb4 39. axb4 Ke4 40. Bc4 Bd3 41. Bf7 Ke5 42. Bh5 Kd5 43. Bf7+ Ke5 44. Bh5 1/2-1/2

[Event "Cheliabinsk EKRO Cup 11th"]
[Site "Cheliabinsk"]
[Date "2012.05.08"]
[Round "7"]
[White "Matsenko, Vadim"]
[Black "Sofyin, Pavel"]
[Result "0-1"]
[WhiteElo "2176"]
[BlackElo "2037"]
[PlyCount "86"]
[EventDate "2012.05.02"]
[EventType "swiss"]
[EventRounds "9"]
[EventCountry "RUS"]
[SourceTitle "CBM 148 Extra"]
[Source "ChessBase"]
[SourceDate "2012.06.22"]
[SourceVersion "1"]
[SourceVersionDate "2012.06.22"]
[SourceQuality "1"]

1. e4 e6 2. d4 d5 3. Nd2 Nf6 4. Bd3 c5 5. c3 Nc6 6. Ngf3 Qb6 7. exd5 Nxd5 8. Nc4 Qc7 9. Nce5 cxd4 10. Nxc6 bxc6 11. Nxd4 Bd6 12. h3 0-0 13. 0-0 f5 14. Bc4 Bd7 15. Re1 Rae8 16. Bb3 Kh8 17. Qf3 e5 18. Nxc6 e4 19. Qd1 Nxc3 20. bxc3 Bxc6 21. Ba4 Bxa4 22. Qxa4 Qxc3 23. Be3 Qe5 24. g3 Qe6 25. Qb3 Qg6 26. Kh1 Qh5 27. Kh2 f4 28. gxf4 Bxf4+ 29. Bxf4 Rxf4 30. Qg3 Rf3 31. Qg2 Ref8 32. Rf1 Qe5+ 33. Kh1 Rxf2 34. Rac1 Rxf1+ 35. Rxf1 Rxf1+ 36. Qxf1 h6 37. Qf8+ Kh7 38. Qa3 Qd4 39. Qa5 Qf2 40. Qd5 Qf1+ 41. Kh2 Qf4+ 42. Kg2 Qg5+ 43. Qxg5 hxg5 0-1

[Event "Cheliabinsk EKRO Cup 11th"]
[Site "Cheliabinsk"]
[Date "2012.05.08"]
[Round "7"]
[White "Sofyin, Pavel"]
[Black "Barkov, Alexey"]
[Result "1/2-1/2"]
[WhiteElo "2037"]
[BlackElo "2080"]
[PlyCount "22"]
[EventDate "2012.05.02"]
[EventType "swiss"]
[EventRounds "9"]
[EventCountry "RUS"]
[SourceTitle "CBM 148 Extra"]
[Source "ChessBase"]
[SourceDate "2012.06.22"]
[SourceVersion "1"]
[SourceVersionDate "2012.06.22"]
[SourceQuality "1"]

1. e4 e5 2. Nf3 Nc6 3. d4 exd4 4. Nxd4 Nxd4 5. Qxd4 Qf6 6. Qxf6 Nxf6 7. Bd3 Bc5 8. 0-0 d6 9. Nc3 0-0 10. Bg5 Ng4 11. h3 Ne5 1/2-1/2

[Event "Urals-ch"]
[Site "Satka"]
[Date "2012.03.26"]
[Round "3"]
[White "Sofyin, Pavel"]
[Black "Frolov, Ivan"]
[Result "0-1"]
[WhiteElo "1997"]
[BlackElo "2242"]
[PlyCount "82"]
[EventDate "2012.03.24"]
[EventType "swiss"]
[EventRounds "9"]
[EventCountry "RUS"]
[SourceTitle "CBM 147 Extra"]
[Source "ChessBase"]
[SourceDate "2012.04.24"]
[SourceVersion "1"]
[SourceVersionDate "2012.04.24"]
[SourceQuality "1"]

1. e4 b6 2. d4 Bb7 3. Bd3 g6 4. Nf3 Bg7 5. 0-0 d6 6. Re1 Nd7 7. c3 e5 8. a4 a5 9. Na3 Ne7 10. Nb5 h6 11. dxe5 dxe5 12. b4 0-0 13. Ba3 axb4 14. cxb4 Nc8 15. Bc2 Re8 16. Bb3 c6 17. Nd6 Nxd6 18. Qxd6 Nf8 19. Rad1 Bf6 20. Bb2 Qxd6 21. Rxd6 Be7 22. Rdd1 Bf6 23. Rd2 g5 24. h3 Kg7 25. Rd6 h5 26. b5 Be7 27. Rd3 f6 28. Nd2 Red8 29. Rxd8 Rxd8 30. Nc4 Bc5 31. Kf1 Ng6 32. g3 cxb5 33. axb5 Bc8 34. Kg2 Be6 35. Re2 Rd3 36. Ba2 Bxh3+ 37. Kh2 Bg4 38. Rc2 Bd1 39. Rc1 Bxf2 40. Kg2 Bxg3 41. Bb1 Nf4+ 0-1

[Event "Cheliabinsk Region-ch"]
[Site "Cheliabinsk"]
[Date "2012.02.25"]
[Round "8"]
[White "Tretjachenko, Leonid"]
[Black "Sofyin, Pavel"]
[Result "0-1"]
[WhiteElo "1900"]
[BlackElo "1988"]
[PlyCount "44"]
[EventDate "2012.02.18"]
[EventType "swiss"]
[EventRounds "9"]
[EventCountry "RUS"]
[SourceTitle "EXT 2014"]
[Source "ChessBase"]
[SourceDate "2013.11.20"]
[SourceVersion "1"]
[SourceVersionDate "2013.11.20"]
[SourceQuality "1"]

1. c4 e5 2. Nc3 Bb4 3. Nd5 Bc5 4. b4 Bd4 5. Rb1 c6 6. e3 cxd5 7. exd4 exd4 8. cxd5 d6 9. Nf3 Bf5 10. d3 Qb6 11. Qb3 Na6 12. Bd2 Nf6 13. Be2 0-0 14. a4 Rfe8 15. a5 Qb5 16. Nxd4 Qxd3 17. 0-0 Qe4 18. Be3 Qe5 19. Rbe1 Rac8 20. Bc4 Ng4 21. g3 Nxe3 22. Qxe3 Qxe3 0-1

[Event "Cheliabinsk Region-ch"]
[Site "Cheliabinsk"]
[Date "2012.02.23"]
[Round "6"]
[White "Sofyin, Pavel"]
[Black "Kozirev, Alexander"]
[Result "0-1"]
[WhiteElo "1988"]
[BlackElo "2247"]
[PlyCount "53"]
[EventDate "2012.02.18"]
[EventType "swiss"]
[EventRounds "9"]
[EventCountry "RUS"]
[SourceTitle "EXT 2014"]
[Source "ChessBase"]
[SourceDate "2013.11.20"]
[SourceVersion "1"]
[SourceVersionDate "2013.11.20"]
[SourceQuality "1"]

1. e4 c5 2. Nf3 Nc6 3. d4 cxd4 4. Nxd4 Nf6 5. Nc3 e5 6. Ndb5 d6 7. Bg5 a6 8. Na3 b5 9. Nd5 Be7 10. Bxf6 Bxf6 11. c4 b4 12. Nc2 0-0 13. g3 Bg5 14. b3 a5 15. Bg2 Ne7 16. 0-0 Nxd5 17. Qxd5 Be6 18. Qd3 Qb6 19. Rfd1 Ra6 20. h4 Bd8 21. Ne3 g6 22. Nd5 Qc5 23. Qd2 Bxd5 24. Qxd5 Bb6 25. Qxc5 Bxc5 26. Bf1 a4 27. Kg2 0-1

[Event "Cheliabinsk-ch sf"]
[Site "Cheliabinsk"]
[Date "2011.12.22"]
[Round "6"]
[White "Mutav, Vladimir"]
[Black "Sofyin, Pavel"]
[Result "1/2-1/2"]
[WhiteElo "1855"]
[BlackElo "1988"]
[PlyCount "65"]
[EventDate "2011.12.11"]
[EventType "swiss"]
[EventRounds "9"]
[EventCountry "RUS"]
[SourceTitle "EXT 2022"]
[Source "ChessBase"]
[SourceDate "2021.10.06"]
[SourceVersion "1"]
[SourceVersionDate "2021.10.06"]
[SourceQuality "1"]

1. d4 e5 2. dxe5 Nc6 3. Nf3 Qe7 4. Bf4 Qb4+ 5. Bd2 Qxb2 6. Nc3 a6 7. Rb1 Qa3 8. Nd5 Kd8 9. Rb3 Qa4 10. Nc3 Qg4 11. e4 Bb4 12. Ng5 Qxd1+ 13. Kxd1 Nh6 14. f4 f6 15. exf6 gxf6 16. Nf3 Bc5 17. h3 Re8 18. Bd3 Nd4 19. Nxd4 Bxd4 20. Ne2 Bc5 21. Bc3 Ng8 22. Bc4 Be7 23. g4 b5 24. Bd3 d6 25. e5 Bb7 26. Rg1 fxe5 27. fxe5 dxe5 28. Bxe5 Bc5 29. Bd4 Bxd4 30. Nxd4 c5 31. Ne2 Bf3 32. Bxb5 axb5 33. Rxf3 1/2-1/2

[Event "UrFO-ch op"]
[Site "Cheliabinsk"]
[Date "2011.03.26"]
[Round "8"]
[White "Teterin, Alexander"]
[Black "Sofyin, Pavel"]
[Result "1-0"]
[WhiteElo "2133"]
[BlackElo "2017"]
[PlyCount "125"]
[EventDate "2011.03.19"]
[EventType "swiss"]
[EventRounds "9"]
[EventCountry "RUS"]
[SourceTitle "EXT 2012"]
[Source "ChessBase"]
[SourceDate "2011.11.24"]
[SourceVersion "1"]
[SourceVersionDate "2011.11.24"]
[SourceQuality "1"]

1. d4 Nf6 2. Nf3 g6 3. Nc3 d5 4. Bf4 c6 5. Qd2 h6 6. h3 Bf5 7. Ne5 Nbd7 8. g4 Be6 9. Bg2 Bg7 10. 0-0 Nxe5 11. Bxe5 0-0 12. f4 Qc8 13. Qd3 Kh7 14. Qg3 h5 15. Qh4 Kg8 16. f5 gxf5 17. gxh5 Kh7 18. e3 Bh6 19. Bf4 Rg8 20. Ne2 Qd7 21. Kh2 Ne4 22. Rg1 Rae8 23. Bh1 Bg7 24. h6 Bf6 25. Qh5 Rg6 26. Rg2 Reg8 27. Rag1 Qd8 28. Nc1 Qa5 29. Nd3 Qxa2 30. Be5 Ng5 31. Bxf6 exf6 32. Nf4 Rxh6 33. Qe2 Qc4 34. Qf2 Rh8 35. h4 Kg8 36. Rxg5+ fxg5 37. Rxg5+ Kf8 38. h5 Qb4 39. c3 Qd6 40. Qg3 Ke7 41. Bf3 a5 42. Rg7 Kd7 43. Rg8 Qe7 44. Nd3 Rxg8 45. Qxg8 f4 46. Nxf4 Qd8 47. Qg3 Rh8 48. Nd3 Rg8 49. Qf4 Qg5 50. Qxg5 Rxg5 51. Nf4 Rg8 52. Ne2 Ke7 53. Ng3 Kf6 54. Kg2 Bg4 55. e4 Bxf3+ 56. Kxf3 Rxg3+ 57. Kxg3 Kg5 58. exd5 cxd5 59. c4 Kxh5 60. Kf4 Kg6 61. Ke5 dxc4 62. d5 a4 63. d6 1-0

[Event "UrFO-ch op"]
[Site "Cheliabinsk"]
[Date "2011.03.22"]
[Round "5"]
[White "Sofyin, Pavel"]
[Black "Sviridov, Alexander"]
[Result "1/2-1/2"]
[WhiteElo "2017"]
[BlackElo "2245"]
[PlyCount "105"]
[EventDate "2011.03.19"]
[EventType "swiss"]
[EventRounds "9"]
[EventCountry "RUS"]
[SourceTitle "EXT 2012"]
[Source "ChessBase"]
[SourceDate "2011.11.24"]
[SourceVersion "1"]
[SourceVersionDate "2011.11.24"]
[SourceQuality "1"]

1. e4 g6 2. d4 Bg7 3. Nf3 d6 4. h3 Nf6 5. Nc3 0-0 6. Bc4 Nxe4 7. Nxe4 d5 8. Bd3 dxe4 9. Bxe4 Nd7 10. c3 Nf6 11. Bc2 b6 12. 0-0 Bb7 13. Qe2 Qd7 14. Ne5 Qd5 15. f4 e6 16. Bb3 Qd6 17. Be3 Nd5 18. c4 Nxe3 19. Qxe3 c5 20. dxc5 Qxc5 21. Qxc5 bxc5 22. Rad1 Rad8 23. Ba4 Bxe5 24. fxe5 Rd4 25. Rxd4 cxd4 26. b4 Rd8 27. Rd1 Kg7 28. b5 f6 29. exf6+ Kxf6 30. c5 e5 31. c6 Bc8 32. Bc2 Rd5 33. a4 Rc5 34. Be4 Bf5 35. Bxf5 gxf5 36. Kf1 Ke6 37. Rb1 d3 38. Ke1 e4 39. Rb3 Ke5 40. a5 Kd4 41. b6 axb6 42. axb6 e3 43. Rb4+ Kd5 44. Rb1 d2+ 45. Kd1 Kxc6 46. b7 Rc1+ 47. Rxc1+ dxc1Q+ 48. Kxc1 Kxb7 49. Kd1 Kc6 50. Ke2 f4 51. g3 fxg3 52. Kxe3 h5 53. h4 1/2-1/2

[Event "Cheliabinsk-ch"]
[Site "Cheliabinsk"]
[Date "2011.01.25"]
[Round "8"]
[White "Sofyin, Pavel"]
[Black "Panov, Maksim"]
[Result "1-0"]
[WhiteElo "2009"]
[BlackElo "1925"]
[PlyCount "94"]
[EventDate "2011.01.13"]
[EventType "swiss"]
[EventRounds "9"]
[EventCountry "RUS"]
[SourceTitle "EXT 2012"]
[Source "ChessBase"]
[SourceDate "2011.11.24"]
[SourceVersion "1"]
[SourceVersionDate "2011.11.24"]
[SourceQuality "1"]

1. e4 d5 2. exd5 Nf6 3. c4 c6 4. d4 cxd5 5. Nc3 g6 6. Qb3 Bg7 7. cxd5 0-0 8. Be2 Nbd7 9. Bf3 Nb6 10. Bf4 Bf5 11. Rd1 Qd7 12. h3 h5 13. d6 exd6 14. Nge2 d5 15. Be5 Rad8 16. 0-0 Bg4 17. Bxg4 hxg4 18. h4 Rfe8 19. Nf4 Qf5 20. g3 Rd7 21. a4 Rc8 22. Nb5 Qc2 23. Qxc2 Rxc2 24. b3 a6 25. Na3 Rb2 26. Rb1 Ra2 27. Ra1 Rxa1 28. Rxa1 Ne4 29. a5 Bxe5 30. dxe5 Nc8 31. Rd1 Nc3 32. Rd3 d4 33. Nc2 Nb5 34. Ne3 Ne7 35. Nxg4 Rc7 36. Nf6+ Kg7 37. Ne4 Rc1+ 38. Kg2 Nc6 39. e6 f5 40. Ng5 Rc3 41. Kf1 Rc1+ 42. Kg2 Rc3 43. Rd1 Ne7 44. Ne2 Rxb3 45. Nxd4 Nxd4 46. Rxd4 Kf6 47. Rd7 Rb5 1-0

[Event "Cheliabinsk-ch"]
[Site "Cheliabinsk"]
[Date "2011.01.23"]
[Round "7"]
[White "Mutav, Vladimir"]
[Black "Sofyin, Pavel"]
[Result "0-1"]
[WhiteElo "1817"]
[BlackElo "2009"]
[PlyCount "80"]
[EventDate "2011.01.13"]
[EventType "swiss"]
[EventRounds "9"]
[EventCountry "RUS"]
[SourceTitle "EXT 2012"]
[Source "ChessBase"]
[SourceDate "2011.11.24"]
[SourceVersion "1"]
[SourceVersionDate "2011.11.24"]
[SourceQuality "1"]

1. d4 Nf6 2. Bg5 d5 3. Bxf6 gxf6 4. c4 c6 5. cxd5 cxd5 6. Nc3 Nc6 7. e3 h5 8. Be2 h4 9. h3 e6 10. Nf3 Qb6 11. Qd2 Bd7 12. Rc1 Na5 13. a3 Nb3 14. Qc2 Nxc1 15. Qxc1 Rc8 16. Qd2 Qa5 17. Na2 Qxd2+ 18. Kxd2 Bd6 19. Nc3 a6 20. Re1 f5 21. b4 Ke7 22. Rc1 a5 23. Rb1 axb4 24. axb4 f6 25. Ne1 Ra8 26. Nc2 Rhc8 27. b5 b6 28. f4 Be8 29. Bf3 Bf7 30. Rb2 Rh8 31. Rb1 Bh5 32. Bxh5 Rxh5 33. Ne1 Rhh8 34. Nc2 Rhg8 35. Ne1 Rgc8 36. Rb3 Rc4 37. Nc2 Rg8 38. Ne1 Bb4 39. Kd3 Rgc8 40. Na2 Bxe1 0-1

[Event "Cheliabinsk Postovalov Memorial 5th"]
[Site "Cheliabinsk"]
[Date "2011.01.10"]
[Round "9"]
[White "Shurunov, Andrei"]
[Black "Sofyin, Pavel"]
[Result "1/2-1/2"]
[WhiteElo "1916"]
[BlackElo "2009"]
[PlyCount "75"]
[EventDate "2011.01.06"]
[EventType "swiss"]
[EventRounds "9"]
[EventCountry "RUS"]
[SourceTitle "CBM 140 Extra"]
[Source "ChessBase"]
[SourceDate "2011.03.01"]
[SourceVersion "1"]
[SourceVersionDate "2011.03.01"]
[SourceQuality "1"]

1. e4 e6 2. d4 d5 3. Nc3 dxe4 4. Nxe4 Nd7 5. Bd3 Ngf6 6. c3 Be7 7. Be3 Nxe4 8. Bxe4 c5 9. Ne2 cxd4 10. Nxd4 Nf6 11. Bf3 0-0 12. Qc2 Qc7 13. 0-0-0 Bd7 14. h4 Rab8 15. g4 Bc6 16. Nxc6 bxc6 17. g5 Nd5 18. Bxd5 cxd5 19. h5 Bd6 20. Rh4 f6 21. h6 g6 22. f4 Qc4 23. Kb1 fxg5 24. Rg4 Bxf4 25. Bxa7 Ra8 26. b3 Qc8 27. Bg1 e5 28. Rg2 Qc6 29. Qd3 Rad8 30. Rc2 g4 31. Be3 Qf6 32. a4 Bxe3 33. Qxe3 Qf3 34. Re1 Qxe3 35. Rxe3 d4 36. Rxe5 d3 37. Rd2 g3 38. Rg5 1/2-1/2

[Event "Cheliabinsk Postovalov Memorial 5th"]
[Site "Cheliabinsk"]
[Date "2011.01.09"]
[Round "8"]
[White "Sofyin, Pavel"]
[Black "Filippov, Alexey"]
[Result "0-1"]
[WhiteElo "2009"]
[BlackElo "2075"]
[PlyCount "54"]
[EventDate "2011.01.06"]
[EventType "swiss"]
[EventRounds "9"]
[EventCountry "RUS"]
[SourceTitle "CBM 140 Extra"]
[Source "ChessBase"]
[SourceDate "2011.03.01"]
[SourceVersion "1"]
[SourceVersionDate "2011.03.01"]
[SourceQuality "1"]

1. e4 c5 2. Nc3 e6 3. f4 d5 4. Nf3 Nf6 5. Bb5+ Nc6 6. e5 Nd7 7. Bxc6 bxc6 8. b3 Ba6 9. d3 c4 10. bxc4 Bb4 11. Bd2 dxc4 12. Ne4 Be7 13. d4 Nb6 14. c3 Qd5 15. Qc2 c5 16. dxc5 Bxc5 17. Nxc5 Qxc5 18. Nd4 0-0 19. 0-0 Rfd8 20. Kh1 Bb7 21. Rae1 Qd5 22. Bc1 Na4 23. Rf3 Nc5 24. Rh3 Nd3 25. Rf1 Rab8 26. Qe2 Ba8 27. Ba3 Nxf4 0-1

[Event "Cheliabinsk Postovalov Memorial 5th"]
[Site "Cheliabinsk"]
[Date "2011.01.09"]
[Round "7"]
[White "Sofyin, Pavel"]
[Black "Trushina, Marina"]
[Result "1-0"]
[WhiteElo "2009"]
[BlackElo "1830"]
[PlyCount "71"]
[EventDate "2011.01.06"]
[EventType "swiss"]
[EventRounds "9"]
[EventCountry "RUS"]
[SourceTitle "CBM 140 Extra"]
[Source "ChessBase"]
[SourceDate "2011.03.01"]
[SourceVersion "1"]
[SourceVersionDate "2011.03.01"]
[SourceQuality "1"]

1. e4 c5 2. Nc3 Nc6 3. f4 g6 4. Nf3 Bg7 5. Bb5 Nd4 6. Bc4 d6 7. d3 e6 8. 0-0 Ne7 9. Nxd4 cxd4 10. Ne2 0-0 11. Ng3 d5 12. Bb3 dxe4 13. dxe4 Qb6 14. Kh1 Kh8 15. Qd3 Bd7 16. a4 a5 17. Bd2 Rac8 18. Rae1 Qc5 19. Rd1 b5 20. Ra1 bxa4 21. Rxa4 Bxa4 22. Bxa4 Qc4 23. Qxc4 Rxc4 24. Bb3 Rc5 25. e5 Rb8 26. Ne4 Rcb5 27. Nd6 R5b6 28. Nxf7+ Kg8 29. Ng5 Rxb3 30. cxb3 Rxb3 31. Bxa5 Rxb2 32. Nxe6 Nc6 33. Bc7 d3 34. Rd1 d2 35. Kg1 Nd4 36. Nxd4 1-0